LEADER 02484nam 22006014a 450 001 9910450237203321 005 20200520144314.0 010 $a1-280-46465-8 010 $a9786610464654 010 $a1-4175-9082-3 010 $a90-474-0082-8 035 $a(CKB)1000000000032926 035 $a(EBL)253485 035 $a(OCoLC)171583011 035 $a(SSID)ssj0000184050 035 $a(PQKBManifestationID)11177952 035 $a(PQKBTitleCode)TC0000184050 035 $a(PQKBWorkID)10200574 035 $a(PQKB)10608139 035 $a(MiAaPQ)EBC253485 035 $a(Au-PeEL)EBL253485 035 $a(CaPaEBR)ebr10090621 035 $a(CaONFJC)MIL46465 035 $a(OCoLC)60248262 035 $a(EXLCZ)991000000000032926 100 $a20010208d2001 uy 0 101 0 $aeng 135 $aur|n|---||||| 181 $ctxt 182 $cc 183 $acr 200 10$aIslam and ideology in the emerging Indonesian state$b[electronic resource] $ethe Persatuan Islam (Persis), 1923-1957 /$fby Howard M. Federspiel 210 $aLeiden ;$aBoston $cBrill$d2001 215 $a1 online resource (382 p.) 225 1 $aSocial, economic, and political studies of the Middle East and Asia,$x1385-3376 ;$vv. 78 300 $aDescription based upon print version of record. 311 $a90-04-12047-5 320 $aIncludes bibliographical references (p. [339]-356) and index. 327 $aContents; Preface; Part I. Introduction; Part II. The Persatuan Islam in Late Colonial Indonesia (1923 to 1942); Part III. The Persatuan Islam in the Era of Liberal Democracy (1948 to 1957); Part IV. Concluding Remarks; Retrospect; Glossary of Terms; Bibliography; Index 330 $aThe Persatuan Islam (Islamic-Union) was a small group of Indonesian Muslim activists during the period 1923-1957. The story of these activists tells us much about the context of both Indonesian nationalism and Indonesian Islam as both developed during the first half of the 20th century. 410 0$aSocial, economic, and political studies of the Middle East and Asia ;$vv. 78. 606 $aIslam and state$zIndonesia 608 $aElectronic books. 615 0$aIslam and state 676 $a297.6/5 700 $aFederspiel$b Howard M$0653639 801 0$bMiAaPQ 801 1$bMiAaPQ 801 2$bMiAaPQ 906 $aBOOK 912 $a9910450237203321 996 $aIslam and ideology in the emerging Indonesian state$92063662 997 $aUNINA